书目信息 |
| 题名: |
重金属冶金学
|
|
| 作者: | 赵天从 主编 | |
| 分册: | 下 | |
| 出版信息: | 北京 冶金工业出版社 1981 |
|
| 页数: | 287页 | |
| 开本: | 25cm | |
| 丛书名: | ||
| 单 册: | ||
| 中图分类: | TF81 | |
| 科图分类: | ||
| 主题词: | 重有色金属-有色金属冶金 , 有色金属冶金-重有色金属 | |
| 电子资源: | ||
| ISBN: | ||
| 000 | 00657nam0 2200241 45 | |
| 001 | 0181000295 | |
| 005 | 20060728164048.81 | |
| 010 | @dCNY1.90 | |
| 091 | @a15062.3757(下) | |
| 100 | @a19950408d1981 em y0chiy0121 ea | |
| 101 | 0 | @achi |
| 102 | @aCN@b110000 | |
| 105 | @ay z 000yy | |
| 200 | 10 | @a重金属冶金学@Azhong jin shu ye jin xue@h下@f赵天从主编 |
| 210 | @a北京@c冶金工业出版社@d1981 | |
| 215 | @a287页@d25cm | |
| 606 | @a重有色金属-有色金属冶金 | |
| 606 | @a有色金属冶金-重有色金属 | |
| 690 | @aTF81@v3 | |
| 701 | 0 | @a赵天从@Azhao tian cong@4主编 |
| 801 | 0 | @aCN@bTSSF@c20060728 |
| 801 | 2 | @aCN@bNLC@c20060728 |
| 905 | @a10447@dTF81@e7:2 | |
| 重金属冶金学.下/赵天从主编.-北京:冶金工业出版社,1981 |
| 287页;25cm |
| ISBN :CNY1.90 |
| ● |
| 相关链接 |
|
|
|
|
正题名:重金属冶金学
索取号:TF81/7:2
 
预约/预借
| 序号 | 登录号 | 条形码 | 馆藏地/架位号 | 状态 | 备注 |
| 1 | 0437523 | 204375238 | 密集书库/ [索取号:TF81/7:2] | 在馆 | |
| 2 | 0437524 | 204375247 | 密集书库/ [索取号:TF81/7:2] | 在馆 | |
| 3 | 0439001 | 204390015 | 密集书库/ [索取号:TF81/7:2] | 在馆 |